Enciclopedia de educación. (Record no. 1071)

MARC details
000 -LEADER
campo de control de longitud fija 00913nas a2200265 i 4500
001 - NÚMERO DE CONTROL
campo de control 1071
003 - IDENTIFICADOR DE NÚMERO DE CONTROL
campo de control ES-MaACL
005 - FECHA Y HORA DE LA ÚLTIMA TRANSACCIÓN
campo de control 20250828062527.0
007 - CAMPO FIJO DE DESCRIPCIÓN FÍSICA--INFORMACIÓN GENERAL
campo de control de longitud fija t|
008 - DATOS DE LONGITUD FIJA--INFORMACIÓN GENERAL
campo de control de longitud fija 950801n1929 uy | | 1 ||pa d
080 ## - NÚMERO DE LA CLASIFICACIÓN DECIMAL UNIVERSAL
Número de la Clasificación Decimal Universal 899
245 00 - MENCIÓN DEL TÍTULO
Título Enciclopedia de educación.
260 ## - PUBLICACIÓN, DISTRIBUCIÓN, ETC.
Lugar de publicación, distribución, etc. Montevideo :
Nombre del editor, distribuidor, etc. Dirección de Enseñanza Primaria y Normal,
Fecha de publicación, distribución, etc. 1929- (
Fabricante Imprenta Nacional)
300 ## - DESCRIPCIÓN FÍSICA
Extensión 8 v. ;
Dimensiones 23 cm.
310 ## - PERIODICIDAD ACTUAL
Periodicidad actual Semestral
321 ## - PERIODICIDAD ANTERIOR
Periodicidad anterior Trimestral,
Fechas de la periodicidad anterior 1929-1952
362 0# - FECHAS DE PUBLICACIÓN Y/O DESIGNACIÓN SECUENCIAL
Fecha de publicación y/o designación secuencial Epoca I (1929)-
525 ## - NOTA DE SUPLEMENTO
Nota de suplemento Hay 1 volumen de Suplemento de Arte de los años 1931-32.
650 #7 - PUNTO DE ACCESO ADICIONAL DE MATERIA--TÉRMINO DE MATERIA
Término de materia o nombre geográfico como elemento de entrada Educación
Fuente del encabezamiento o término embne
9 (RLIN) 12073
700 1# - ENTRADA AGREGADA--NOMBRE PERSONAL
Nombre de persona Rossi, Santín Carlos,
Término indicativo de función/relación
9 (RLIN) 194089
710 0# - ENTRADA AGREGADA--NOMBRE DE ENTIDAD CORPORATIVA
Nombre de entidad corporativa o nombre de jurisdicción como elemento de entrada Uruguay. Dirección de Enseñanza Primaria y Normal.
9 (RLIN) 7525
852 ## - LOCALIZACIÓN
Ubicación ES-MaACL
Número de control de estantería HEM-H-37
Encuadernación hem-1096
Signatura antigua
866 #0 - MENCIÓN TEXTUAL DE FONDOS--UNIDAD BIBLIOGRÁFICA BÁSICA
Fondos 1931-33(1934f.jul-dic.),(1939f.abr.-oct.),(1946-48),(1953)1954-55(1956)1957-60(1961-64).
Holdings
Estatus retirado Estado de pérdida Estado de daño No para préstamo Colección Biblioteca de origen Biblioteca actual Ubicación en estantería Fecha de adquisición Fuente de adquisición Total de préstamos Signatura topográfica completa Código de barras Visto por última vez Precio de reemplazo Tipo de ítem Koha
        Colección de referencia Biblioteca del Ateneo de Madrid Biblioteca del Ateneo de Madrid Hemeroteca 17/01/2008     HEM-H-37 1001092 23/02/2023 23/02/2023 Revista